| 000 | 00630nam a2200193 a 4500 | ||
|---|---|---|---|
| 001 | 000046087 | ||
| 005 | 20201002052629.0 | ||
| 008 | 150617s2007 dr 000 f spa d | ||
| 020 | _a9789945851830 | ||
| 040 |
_aDO-SdBNP _bspa _cBNPHU |
||
| 082 |
_axxx _bA472 |
||
| 100 | 1 |
_aAlvarado, Mauricio _d1974- _974157 |
|
| 245 | 1 | 0 |
_aCon la tinta de un KahlĂșa / _cMauricio Alvarado. |
| 260 |
_aSanto Domingo, : _bCasa de Teatro, _c2007. |
||
| 300 |
_a362 p. ; _c21 cm. |
||
| 590 | _aInventariado, 2019/ YL | ||
| 500 | _aIncluye datos biografĂcos del autor en la solapa | ||
| 586 | _aPremio internacional de novela, casa de teatro 2007. | ||
| 999 |
_c45576 _d45576 |
||